你已走遠,我還在練習道別 : 在匆匆的愛裡,遲來與提前的告別,給已經離開的,與尚未捨得的人

資料類型: Book 圖書   書目號:52896

Leader xxxxxxxxxx
001 __ 102576/1/01
005 __ 20190417142300.369
010 0_ |a9789578950894|b平裝|d新臺幣320元
100 __ |a20190417d2019    m  y0chiy50      e
101 0_ |achi
102 __ |tw
105 __ |aa   z   000cy
200 1_ |a你已走遠,我還在練習道別|e在匆匆的愛裡,遲來與提前的告別,給已經離開的,與尚未捨得的人|f渺渺作
205 __ |a初版
210 __ |a臺北市|c采實文化|d2019[民108]
215 0_ |a251面|c|d21公分
225 12 |a文字森林系列|v2
517 1_ |a在匆匆的愛裡,遲來與提前的告別,給已經離開的,與尚未捨得的人|zchi
700 _0 |a渺渺|4681 __ |a855|b855
801 _0 |atw|bLibDipper|c20190417|gCCR
詳細館藏(共 1 筆)
索 書 號登 錄 號冊次號館別 / 館藏地流通類型狀態加入預約清單電子資源
855 / 855 1025761  圖書館 / 一樓普通區 可外借30天 在館   

| 條列資料




目錄查詢 分類查詢 個人資料 圖書薦購 新書查詢 閉館日 排行榜 更多電子資源 Hami書城 線上資料庫 登出

From : 216.73.217.87

  本日流通累計至 00:41:41 借閱 : 0 次 續借 : 0 次 歸還 : 0 次 預約 : 0 次 電子資源 : 0 次


內湖高中圖書館  PCLIS 版本  26.5.0.12